Entre la equidad distributiva y la legitimación política: el Plan Jefas y Jefes de Hogar Desocupados en Argentina /
A la luz del debate focalización-universalismo, y a partir de un enfoque centrado en la economía política de la política social, este trabajo intentará evaluar en que medida la búsqueda de una mayor equidad distributiva y/o la necesidad de legitimación política frente a los sectores más contestarios...
Guardado en:
| Hovedforfatter: | |
|---|---|
| Format: | Texto |
| Fag: | |
| Tags: |
Tilføj Tag
Ingen Tags, Vær først til at tagge denne postø!
|
MARC
| LEADER | 00000 a a2200000 04500 | ||
|---|---|---|---|
| 001 | 12419 | ||
| 003 | |||
| 040 | |||
| 100 | |a Tronco Paganelli, José del | ||
| 245 | |a Entre la equidad distributiva y la legitimación política: |b el Plan Jefas y Jefes de Hogar Desocupados en Argentina / |c José del Tronco Paganelli | ||
| 500 | |a Resumen también en inglés | ||
| 520 | |a A la luz del debate focalización-universalismo, y a partir de un enfoque centrado en la economía política de la política social, este trabajo intentará evaluar en que medida la búsqueda de una mayor equidad distributiva y/o la necesidad de legitimación política frente a los sectores más contestarios resultan criterios determinantes para la selección de beneficiarios del Plan Jefas y Jefes de Hogar Desocupados, el programa de combate a la pobreza más importante -en términos de cobertura geográfica y gasto social focalizado- en la historia de la política social en Argentina | ||
| 650 | |a RECESION ECONOMICA | ||
| 650 | |a POBREZA | ||
| 650 | |a POLITICA SOCIAL | ||
| 650 | |a DESEMPLEO | ||
| 650 | |a DESEMPLEO | ||
| 650 | |a POBREZA | ||
| 773 | |g volumen 12, número 26; páginas 165-197 | ||
| 999 | |c 24200 |d 24200 | ||
